000 00615nam a2200241Ia 4500
003 OSt
005 20221005114843.0
006 a|||||r|||| 00| 0
007 ta
008 221004b |||||||| |||| 00| 0 mal d
024 _a54770
037 _cTextual
040 _aCRL
_cCRL
_bmal
041 _2mal
_amal
082 _aO32,1M77,14, H7
100 _aParameswarayyar Au.
_9625382
245 0 _aBhakti deepika
260 _c1947
300 _a70p.
_ccm.
650 _aMALAYALAM POETRY
_9185636
942 _hO32,1M77,14, H7
_cTEXL
_2cc
999 _c1032651
_d1032651